| 000 | 00370nam a22001337a 4500 | ||
|---|---|---|---|
| 005 | 20250901165813.0 | ||
| 008 | 250328b |||||||| |||| 00| 0 eng d | ||
| 020 | _a9780195745757 | ||
| 050 | _aPL 8704 .O97 2016 | ||
| 245 |
_aKesho iliyopita na hadithi nyingine _cHillary Kirui et al. |
||
| 260 |
_aNairobi: _bOUP, _c2016. |
||
| 300 |
_a145 p.: _bill.; _c21 cm. |
||
| 942 | _2lcc | ||
| 999 |
_c9441 _d9441 |
||